แบบทดสอบความรู้ทั่วไป #3 - Statistics

General Stats
  • This quiz has been taken 12 times
  • The average score is 3 of 10
Answer Stats
คำถาม คำตอบ % Correct
venison เป็นชื่อเรียกของเนื้อสัตว์ชนิดใด กวาง
88%
ธาตุที่มีความหนาแน่นมากที่สุดในตารางธาตุ คือธาตุใด ออสเมียม
38%
การแสดงเชิดหุ่นเงาที่เป็นเอกลักษณ์ของประเทศอินโดนีเซีย มีชื่อเรียกว่าอะไร วายัง กูลิต
38%
ในสถาปัตยกรรมกรีก เสาที่แกะสลักเป็นรูปสตรี ทำหน้าที่เป็นตัวรองรับทางสถาปัตยกรรม โดยทำหน้าที่เป็นเสารองหรือเสาหลักที่รองรับเอนทาเบลเชอร์ (entablature) มีชื่อเรียกว่าอะไร แคริอาทิด
13%
punxsutawney phil คือสัตว์ประเภทใด กราวด์ฮ็อก
13%
เรืออาร์ก (the ark) ของโนอาห์ ตามคัมภีร์ไบเบิล สร้างขึ้นจากไม้ชนิดใด ไม้สนโกเฟอร์
13%
พระราชวังหลวงของมาดากัสการ์ ซึ่งเป็นที่ประทับของพระประมุขของมาดากัสการ์ในสมัยราชวงศ์เมรีนา ช่วงคริสต์ศตวรรษที่ 17 และ 18 พระราชวังนี้มีชื่อว่าอะไร รูวาแห่งอันตานานาริโว
13%
รูปหลายเหลี่ยมที่มีด้าน 9 ด้าน เรียกว่าอะไร nonagon
13%
นักแสดงคนใดที่รับบทเป็น richmond valentine ในภาพยนตร์เรื่อง kingsman: the secret service Samuel L. Jackson
13%
cosmo canyon และ shinra company เป็นชื่อสถานที่ของเกมใด ไฟนอลแฟนตาซี VII
13%
No matching quizzes found
Score Distribution
Percent of People with Each Score
Percentile by Number Answered
Your Score History
You have not taken this quiz